| 000 | 00836nam a2200241 i 4500 | ||
|---|---|---|---|
| 001 | 60317 | ||
| 003 | ES-MaACL | ||
| 005 | 20250829070517.0 | ||
| 007 | t| | ||
| 008 | 031104s1959 sp ||||1| spa d | ||
| 080 | _a087.5:[92:913.0] | ||
| 100 | 1 |
_aEscofet, José. _947582 |
|
| 245 | 1 | 0 |
_aGrandes exploradores : _ben la mar, en la selva y en los hielos / _cJuan Cabal. |
| 260 |
_aBarcelona : _bJuventud, _c1959 ( _fAtenas) |
||
| 300 |
_a221 p. ; _c23 cm. |
||
| 530 | _aDisponible en formato digital. | ||
| 594 | _aJuan Cabal, seud. de José Escofet | ||
| 650 | 7 |
_aExploradores _2embne _9174369 |
|
| 852 | 4 |
_aES-MaACL _jC-17207 _cGalería _zRevisado enlace: 21 de julio de 2025 |
|
| 856 | 4 |
_uhttp://bdh-rd.bne.es/viewer.vm?id=0000253110&page=1 _yBiblioteca Digital Hispánica |
|
| 942 | _2udc | ||
| 999 |
_c60317 _d60317 |
||